| 000 | 00747nam a22002297a 4500 | ||
|---|---|---|---|
| 008 | 151215b xxu||||| |||| 00| 0 eng d | ||
| 020 | _a9780375713965 | ||
| 050 | _aHD9870.5.B43 2014 | ||
| 100 |
_aBeckert, Sven _921317 |
||
| 245 |
_aEmpire of cotton: _ba global history _c/ by Sven Beckert |
||
| 260 |
_aNew York _bVintage Books _c2014 |
||
| 300 | _axxii, 615p. | ||
| 650 |
_aCotton textile industry _xHistory _921318 |
||
| 650 |
_aCotton trade _xHistory _921319 |
||
| 650 |
_aCotton plantation workers _xHistory _921320 |
||
| 650 |
_aSlavery _xEconomic aspects _921321 |
||
| 650 |
_aSlaves _921322 |
||
| 650 |
_aTexttile workers _921323 |
||
| 650 |
_aCapitalism _xHistory _921324 |
||
| 650 |
_aLabour _xHistory _921325 |
||
| 942 |
_2lcc _cMONOGRAPH |
||
| 999 |
_c123881 _d123881 |
||